Worldwide Military Spending, 1990-95

Uložené v:
Podrobná bibliografia
Hlavný autor: Gupta, Sanjeev
Ďalší autori: Schiff, Jerald, Clements, Benedict
Médium: Kniha
Jazyk:English
Vydavateľské údaje: Washington International Monetary Fund 1996
Vydanie:1. ed.
Edícia:IMF Working Paper 64
Predmet:
Tagy: Pridať tag
Žiadne tagy, Buďte prvý, kto otaguje tento záznam!

MARC

LEADER 00000nam a2200000 4500
001 c017441
005 20221205125806.6
041 0 |a eng 
044 |a US 
245 1 0 |a Worldwide Military Spending, 1990-95  |c Sanjeev Gupta, Jerald Schiff, Benedict Clements 
250 |a 1. ed. 
264 1 |a Washington  |b International Monetary Fund  |c 1996 
300 |a 36 s. 
490 1 |a IMF Working Paper  |v 64 
830 0 |a IMF Working Paper  |v 64 
610 2 0 |a výdavky na obranu a bezpečnosť 
610 2 0 |a vojenstvo 
610 2 0 |a svet 
610 2 0 |a porovnanie medzinárodné 
610 2 0 |a rozpočty 
610 2 0 |a krajiny rozvojové 
610 2 0 |a krajiny vyspelé 
610 2 0 |a vojenstvo 
610 2 0 |a armáda 
610 2 0 |a 1990-1995 
100 1 |a Gupta, Sanjeev 
700 1 |a Schiff, Jerald 
700 1 |a Clements, Benedict